[Event "Challenge"]
[Site "http://www.queenalice.com/game.php?id=120027"]
[Date "2006.10.22"]
[Round "-"]
[White "Henriface"]
[Black "edsonholanda"]
[Result "1-0"]
[WhiteElo "1606"]
[BlackElo "1433"]

1. e4 e5 2. Nf3 Nc6 3. Bc4 Nf6 4. Ng5 Qe7 5. Bxf7+ Kd8 6. Bb3 Nd4 7. Nf7+ Ke8 8.
Nxh8 Nxb3 9. cxb3 Nxe4 10. d3 Nc5 11. Nc3 Nxd3+ 12. Qxd3 d6 13. Qxh7 Bd7 14. Nd5
1-0

[Event "Challenge"]
[Site "http://www.queenalice.com/game.php?id=120028"]
[Date "2006.10.22"]
[Round "-"]
[White "Henriface"]
[Black "mazzini"]
[Result "1-0"]
[WhiteElo "1554"]
[BlackElo "1200"]

1. e4 e5 2. Nf3 Nc6 3. Bc4 Nd4 4. Nxe5 Qg5 5. Ng4 Nxc2+ 6. Qxc2 Qxg4 7. O-O d6
8. Na3 Be6 9. Bxe6 Qxe6 10. d3 a6 11. Qxc7 Qc8 12. Qa5 Nf6 13. Bg5 Be7 14. Qa4+
b5 15. Qd4 O-O 16. Bxf6 Bxf6 17. Qxd6 Bxb2 18. Rab1 Bxa3 19. Qxa3 Qb7 20. Rfe1
Rac8 21. Qb4 Rc2 22. a4 Rb8 23. axb5 Qa7 24. b6 Qa8 25. b7 Qa7 26. Qb6 Qxb6 27.
Rxb6 Ra2 28. Rc1 h6 29. Rc8+ Kh7 30. g3 1-0

[Event "Challenge"]
[Site "http://www.queenalice.com/game.php?id=120029"]
[Date "2006.10.22"]
[Round "-"]
[White "Henriface"]
[Black "Pato"]
[Result "0-1"]
[WhiteElo "1543"]
[BlackElo "2015"]

1. e4 Nc6 2. Nf3 d5 3. d3 dxe4 4. dxe4 Bg4 5. Qxd8+ Rxd8 6. Bd2 Bxf3 7. gxf3 Nd4
8. Bd3 Nxf3+ 9. Ke2 Nxd2 10. Kxd2 e5 11. Nc3 Nf6 12. Ke3 Bc5+ 13. Kf3 O-O 14.
Nb5 c6 15. Nc3 Nh5 16. a3 Nf4 17. b4 Bd4 18. Ne2 Nxe2 19. Rab1 Nf4 0-1

[Event "Challenge"]
[Site "http://www.queenalice.com/game.php?id=120032"]
[Date "2006.10.22"]
[Round "-"]
[White "Henriface"]
[Black "LancFred"]
[Result "1-0"]
[WhiteElo "1514"]
[BlackElo "1500"]

1. e4 e5 2. Nf3 Nc6 3. Bc4 Bb4 4. Nc3 Nf6 5. d3 h6 6. Bd2 Qe7 7. Nb5 O-O 8. Nxc7
Rb8 9. Nd5 b5 10. Nxe7+ Kh8 11. Nxc6 Bxd2+ 12. Qxd2 dxc6 13. Qb4 Rd8 14. O-O Ba6
15. Bxf7 Rb7 16. Bb3 Rbd7 17. Qa5 Bc8 18. Be6 Re8 19. Bxd7 1-0

[Event "AUTO-OPEN-426"]
[Site "http://www.queenalice.com/game.php?id=120079"]
[Date "2006.10.22"]
[Round "1"]
[White "Henriface"]
[Black "occult"]
[Result "0-1"]
[WhiteElo "1452"]
[BlackElo "1465"]

1. e4 e5 2. Nf3 Nc6 3. Bc4 h6 4. Nc3 Nf6 5. d3 Bc5 6. Be3 Bxe3 7. fxe3 Ng4 8.
Qd2 d6 9. d4 exd4 10. Nxd4 Nxd4 11. exd4 Nf6 12. Qf4 Qe7 13. Nd5 Nxd5 14. Bxd5
Be6 15. Bxe6 Qxe6 16. O-O g5 17. Qf3 Rf8 18. d5 Qe5 19. c4 f6 20. Rab1 O-O-O 21.
Qh3+ Kb8 22. Rfe1 Rh8 23. b3 Qd4+ 24. Qe3 Qxe3+ 25. Rxe3 Rde8 26. Rf1 Ref8 27.
g4 b6 28. b4 h5 29. h3 h4 30. Rc1 Re8 31. c5 dxc5 0-1

[Event "AUTO-OPEN-426"]
[Site "http://www.queenalice.com/game.php?id=120080"]
[Date "2006.10.22"]
[Round "1"]
[White "occult"]
[Black "Henriface"]
[Result "1-0"]
[WhiteElo "1443"]
[BlackElo "1452"]

1. e4 e5 2. Nf3 d6 3. Bc4 f6 4. d4 c6 5. d5 cxd5 6. Bxd5 f5 7. exf5 Bxf5 8. Bxb7
Nc6 9. Bxc6+ Bd7 10. Bxa8 Qxa8 11. Nc3 Bg4 12. h3 Bxf3 13. Qxf3 Qc8 14. Qd5 Nf6
15. Qb5+ Qd7 16. Qb8+ Kf7 17. Qb5 Qe6 18. Qb7+ Qe7 19. Qxe7+ Bxe7 20. Nb5 a6 21.
Nc3 Rc8 22. Bd2 d5 23. Rc1 Bb4 24. a3 Bxc3 25. Bxc3 Ke6 26. O-O g6 27. f3 d4 28.
Bd2 e4 29. Bg5 e3 30. Bxf6 Kxf6 31. Rfd1 Rd8 32. Kf1 1-0

[Event "AUTO-OPEN-426"]
[Site "http://www.queenalice.com/game.php?id=120081"]
[Date "2006.10.22"]
[Round "1"]
[White "Henriface"]
[Black "CampbellMarcel"]
[Result "0-1"]
[WhiteElo "1514"]
[BlackElo "1636"]

1. e4 d5 2. d3 dxe4 3. dxe4 Qxd1+ 4. Kxd1 Nc6 5. Nf3 Bg4 6. Be2 O-O-O+ 7. Bd2
Nd4 8. Nxd4 Rxd4 9. Bxg4+ e6 10. Nc3 Bb4 11. Re1 Nf6 12. f3 Rhd8 13. Re2 Nxg4
0-1

[Event "AUTO-OPEN-426"]
[Site "http://www.queenalice.com/game.php?id=120082"]
[Date "2006.10.22"]
[Round "1"]
[White "CampbellMarcel"]
[Black "Henriface"]
[Result "1-0"]
[WhiteElo "1657"]
[BlackElo "1493"]

1. e4 d5 2. exd5 Qxd5 3. Nc3 Qf5 4. d4 Nf6 5. Bd3 Qe6+ 6. Be3 Ng4 7. Qf3 Nc6 8.
O-O-O Nxe3 9. fxe3 Bd7 10. d5 Qf6 11. Qxf6 1-0

[Event "AUTO-INT-218"]
[Site "http://www.queenalice.com/game.php?id=120113"]
[Date "2006.10.22"]
[Round "1"]
[White "monicker"]
[Black "Henriface"]
[Result "1-0"]
[WhiteElo "1571"]
[BlackElo "1399"]

1. e4 e5 2. Nf3 d6 3. d4 Qf6 4. Bg5 Qg6 5. Nc3 f6 6. Be3 Bg4 7. d5 Na6 8. Bxa6
Bxf3 9. Qxf3 bxa6 10. h4 Nh6 11. h5 Qg4 12. Qxg4 Nxg4 13. Bd2 Be7 14. f3 Nh6 15.
O-O-O Nf7 16. Ne2 O-O 17. f4 exf4 18. Nxf4 Ne5 19. Ne6 1-0

[Event "AUTO-INT-218"]
[Site "http://www.queenalice.com/game.php?id=120114"]
[Date "2006.10.22"]
[Round "1"]
[White "Henriface"]
[Black "monicker"]
[Result "0-1"]
[WhiteElo "1399"]
[BlackElo "1557"]

1. e4 e5 2. Nf3 Nc6 3. Bc4 Nf6 4. Ng5 d5 5. exd5 Nxd5 6. Nxf7 Qe7 7. Nxh8 Be6 8.
Qf3 Nd4 9. Qe4 Nb6 10. Bxe6 Qxe6 11. Na3 O-O-O 12. c3 Nc6 13. Qxh7 Bxa3 14. bxa3
Qc4 15. Qxg7 Qe4+ 16. Kd1 Qa4+ 17. Ke1 Nc4 18. Qg4+ Kb8 19. Nf7 Rd7 0-1

[Event "AUTO-INT-218"]
[Site "http://www.queenalice.com/game.php?id=120132"]
[Date "2006.10.22"]
[Round "1"]
[White "Zendrix"]
[Black "Henriface"]
[Result "1-0"]
[WhiteElo "1475"]
[BlackElo "1616"]

1. e4 e5 2. Nf3 d6 3. h3 Nc6 4. c3 Nf6 5. d3 Be6 6. Be2 Be7 7. O-O O-O 8. Re1
Nh5 9. d4 exd4 10. cxd4 d5 11. e5 Nf4 12. Bxf4 a6 13. Qb3 Bb4 14. Rd1 Bf5 15.
Nc3 Bxc3 16. bxc3 b5 17. g4 Be4 18. Ng5 Qe7 19. Bd3 Bxd3 20. Rxd3 h6 21. Nf3 g5
22. Bg3 Qe6 23. Re1 Qg6 24. Rde3 Rfe8 25. Qxd5 Qe6 26. Qe4 Na5 27. d5 Qb6 28.
Nd2 Nb7 29. e6 fxe6 30. Qg6+ Kf8 31. Qxh6+ Kf7 32. Qh7+ 1-0

[Event "AUTO-INT-218"]
[Site "http://www.queenalice.com/game.php?id=120133"]
[Date "2006.10.22"]
[Round "1"]
[White "Henriface"]
[Black "Meckerkopp"]
[Result "0-1"]
[WhiteElo "1555"]
[BlackElo "1573"]

1. e4 e5 2. f3 Bc5 3. Bc4 Nf6 4. Nh3 d5 5. exd5 Bxh3 6. gxh3 Nxd5 7. Bxd5 Qxd5
8. Nc3 Qd4 9. Qe2 Qh4+ 10. Kd1 Nc6 11. Nd5 Rc8 12. Qb5 Qxh3 13. Re1 Qxf3+ 14.
Re2 Qxd5 15. Re3 O-O 16. Qd3 Qh1+ 17. Re1 Qxh2 18. Qe4 Qh5+ 19. Qe2 Qxe2+ 20.
Rxe2 Rfe8 21. c3 b5 22. d3 h6 23. Rg2 g5 24. Rh2 Kg7 25. b4 Bd6 0-1

[Event "AUTO-INT-218"]
[Site "http://www.queenalice.com/game.php?id=120134"]
[Date "2006.10.22"]
[Round "1"]
[White "Meckerkopp"]
[Black "Henriface"]
[Result "1-0"]
[WhiteElo "1588"]
[BlackElo "1540"]

1. e4 e5 2. d4 d6 3. dxe5 dxe5 4. Qxd8+ Kxd8 5. Nf3 Bd6 6. h3 Nf6 7. Bd3 Nc6 8.
c3 Be6 9. Bg5 Be7 10. O-O Nh5 11. Bxe7+ Kxe7 12. Bb5 Nf4 13. Bxc6 bxc6 14. Nxe5
c5 15. Re1 h5 16. Nd2 f6 17. Nef3 Nd3 18. Reb1 Rab8 19. b3 1-0